Cities of Canada - Satellite - Statistics

General Stats
  • This quiz has been taken 18 times
  • The average score is 14 of 24
Answer Stats
Picture Answer % Correct
Montreal
100%
Toronto
94%
Vancouver
81%
Winnipeg
81%
Edmonton
75%
Iqaluit
75%
Calgary
69%
Whitehorse
63%
Niagara Falls
56%
Thunder Bay
56%
Windsor
56%
Halifax
50%
Hamilton
50%
Ottawa
50%
Quebec City
50%
Victoria
50%
Yellowknife
50%
Kelowna
44%
Charlottetown
38%
Saint John
38%
Sault Ste. Marie
38%
St. John's
38%
Banff
31%
Saguenay
31%
No matching quizzes found
Score Distribution
Percent of People with Each Score
Percentile by Number Answered
Your Score History
You have not taken this quiz